| 000 | 00456nam a2200157Ia 4500 | ||
|---|---|---|---|
| 008 | 240729s9999 xx 000 0 und d | ||
| 022 | _a2227-4898 | ||
| 245 | 0 | _aInternational Journal of Ophthalmology | |
| 260 | _aChina | ||
| 260 | _bPress of International Journal of Ophthalmology (IJO PRESS) | ||
| 650 | _a Ophthalmology | ||
| 650 | _aMedicine | ||
| 856 | _uhttps://doaj.org/toc/68a317c0005447e6a2404a724b340369 | ||
| 942 | _2ddc | ||
| 942 | _cDOAJEJ | ||
| 999 |
_c70093 _d70093 |
||
| 945 |
_a1 _bMadushi Gamage _c1 _dMadushi Gamage |
||